[Event "Warsaw Chess Open - A"]
[Site "Warszawa"]
[Date "1899-12-30"]
[Round "7.17"]
[White "Sliwicka, Alicja"]
[Black "Bugajski, Robert"]
[Result "1-0"]
[WhiteTitle "WIM"]
[BlackTitle "FM"]
[WhiteElo "2308"]
[BlackElo "2066"]

1. e4 c5 2. Nf3 d6 3. d4 Nf6 4. Nc3 cxd4 5. Nxd4 a6 6. a4 e5 7. Nf3 Be7 8. Bg5
Be6 9. Bxf6 Bxf6 10. Nd5 Nc6 11. Bc4 Rc8 12. Ba2 O-O 13. O-O Bxd5 14. Bxd5 Qb6
15. Nd2 Qc7 16. c3 Bg5 17. Nc4 Ne7 18. Na3 g6 19. Qb3 b6 20. Rad1 Kg7 21. Qc4
Nxd5 22. Qxd5 Be7 23. Qd3 Qb7 24. Nc4 Qc6 25. Ne3 Qb7 26. Nd5 Bg5 27. Nb4 Be7
28. Qd5 Qxd5 29. Nxd5 Bd8 30. f3 f5 31. exf5 gxf5 32. Nb4 a5 33. Nd5 Kf7 34. b3
Ke6 35. c4 Rf7 36. Kf2 Rg7 37. Rfe1 Bc7 38. Rd2 Rcg8 39. Kf1 Bd8 40. Red1 Rd7
41. Nc3 Bc7 42. Nb5 Bb8 43. Rd5 Rc8 44. R5d2 Rg8 45. f4 Rgd8 46. Rd5 Ke7 47. R1d3
Ke6 48. Re3 Kf6 49. Rh3 Kg6 50. Rhd3 exf4 51. Nd4 Rf7 52. Ne6 Re8 53. Nxf4+ Kg5
54. Ne2 Rfe7 55. Nd4 Re5 56. Nf3+ Kf6 57. Nxe5 dxe5 58. Rh3 Kg6 59. Rd7 h5 60.
Rg3+ Kf6 61. Rb7 e4 62. Rxb6+ Ke5 63. Rg5 Kf4 64. Rxh5 Ke3 65. Rb5 f4 66. Rbd5
Ba7 67. Rh3+ f3 68. gxf3 exf3 69. Rf5 Kd2 70. Rhxf3 1-0

[Event "Warsaw Chess Open - A"]
[Site "Warszawa"]
[Date "1899-12-30"]
[Round "7.18"]
[White "Skrzypczak, Piotr"]
[Black "Paszewski, Mateusz"]
[Result "0-1"]
[WhiteTitle "k"]
[BlackTitle "FM"]
[WhiteElo "2144"]
[BlackElo "2280"]

1. d4 Nf6 2. c4 e6 3. Nf3 Bb4+ 4. Bd2 Qe7 5. e3 Bxd2+ 6. Nbxd2 d6 7. Be2 O-O 8.
O-O e5 9. dxe5 dxe5 10. h3 Nbd7 11. Qc2 b6 12. Rac1 Bb7 13. Rfd1 a5 14. Nh2 Nc5
15. Nhf1 Nfd7 16. Ng3 e4 17. Nb3 g6 18. Nxc5 Nxc5 19. Rd2 f5 20. Re1 Qg5 21. Qc3
f4 22. exf4 Rxf4 23. Bf1 Raf8 24. Qe3 Qf6 25. b3 h5 26. a3 h4 27. Nh1 Bc8 28.
b4 axb4 29. axb4 Ne6 30. c5 Ng5 31. Qd4 Bxh3 32. Qxf6 R4xf6 33. Rd5 Bf5 34. Ra1
Kg7 35. Ra7 R8f7 36. Be2 c6 37. Rxf7+ Kxf7 38. Rd8 bxc5 39. bxc5 Be6 40. Rh8 Rf5
41. Rxh4 Rxc5 42. Ng3 Bf5 43. Rh8 Rc1+ 44. Kh2 Rc2 45. Ra8 Ne6 46. Kg1 Kf6 47.
Ra1 Nd4 48. Bd1 Rb2 49. Nf1 Be6 50. Ne3 Ke7 51. Ra4 Rd2 52. Bg4 Bd5 53. Ra7+ Kf6
54. Ra1 Nf5 55. Nf1 Rb2 56. Re1 Kg5 57. Be2 Ra2 58. g3 Nd4 59. Bd1 Ra1 60. f4+
exf3 61. Kf2 Ra2+ 62. Ke3 f2 63. Re2 Nxe2 64. Bxe2 Rxe2+ 65. Kd4 0-1

[Event "Warsaw Chess Open - A"]
[Site "Warszawa"]
[Date "1899-12-30"]
[Round "7.19"]
[White "Razdolski, Ilya"]
[Black "Chyzy, Jakub"]
[Result "0-1"]
[WhiteTitle ""]
[BlackTitle "FM"]
[WhiteElo "2109"]
[BlackElo "2257"]

1. d4 d5 2. c4 e6 3. Nc3 Nf6 4. cxd5 exd5 5. Bg5 Nbd7 6. e3 Be7 7. Bd3 O-O 8. Qc2
Re8 9. Nge2 Nf8 10. O-O Be6 11. f3 a6 12. e4 dxe4 13. fxe4 Ng4 14. Bxe7 Qxe7 15.
Qd2 c5 16. d5 Bd7 17. h3 Ne5 18. a4 Qd6 19. b3 Rab8 20. Nd1 b5 21. Bc2 bxa4 22.
bxa4 Rb4 23. Ne3 f6 24. Nf4 Nfg6 25. Nh5 Nc4 26. Nxc4 Rxc4 27. Ra3 Rb8 28. Rc3
Rd4 29. Qc1 Rbb4 30. Rcf3 Qe5 31. g4 Rdc4 32. Rxf6 Rxc2 33. Qxc2 Rb2 34. R6f2
Rxc2 35. Rxc2 Qxe4 36. Rcf2 Bxg4 37. Ng3 Qe5 38. hxg4 Qxg3+ 39. Rg2 Qe3+ 40. Kh1
Nf4 41. Rgf2 Qh3+ 42. Kg1 Qxg4+ 43. Kh2 Qh5+ 44. Kg3 0-1

[Event "Warsaw Chess Open - A"]
[Site "Warszawa"]
[Date "1899-12-30"]
[Round "8.1"]
[White "Rozentalis, Eduardas"]
[Black "Pultinevicius, Paulius"]
[Result "0-1"]
[WhiteTitle "GM"]
[BlackTitle "GM"]
[WhiteElo "2520"]
[BlackElo "2492"]

1. e4 c6 2. d4 d5 3. f3 dxe4 4. fxe4 e5 5. Nf3 Be6 6. c3 Nd7 7. Be2 Ngf6 8. Ng5
Bd6 9. Nd2 O-O 10. O-O Qc7 11. Kh1 Rae8 12. Nxe6 fxe6 13. Bc4 Kh8 14. Nf3 exd4
15. cxd4 e5 16. Ng5 exd4 17. Ne6 Rxe6 18. Bxe6 Nc5 19. Bh3 Ncxe4 20. Bf5 Re8 21.
Bxe4 Nxe4 22. Qf3 c5 23. Bh6 Qe7 24. Rae1 Qe5 25. Bxg7+ Kxg7 26. g3 Qd5 27. Kg1
h5 28. b3 b5 29. g4 d3 30. gxh5 c4 31. h6+ Kh8 32. Rxe4 Bc5+ 33. Rf2 Rg8+ 34.
Kh1 Qg5 35. Rg4 Qxg4 36. Qf6+ Kh7 37. Qf7+ Kxh6 38. Qf6+ Kh7 39. Qh6+ 0-1

[Event "Warsaw Chess Open - A"]
[Site "Warszawa"]
[Date "1899-12-30"]
[Round "8.2"]
[White "Heberla, Bartlomiej"]
[Black "Laurusas, Tomas"]
[Result "0-1"]
[WhiteTitle "GM"]
[BlackTitle "IM"]
[WhiteElo "2559"]
[BlackElo "2518"]

1. e4 e5 2. Nf3 Nf6 3. Nxe5 d6 4. Nf3 Nxe4 5. Nc3 Nxc3 6. dxc3 Be7 7. Be3 O-O 8.
Qd2 Nd7 9. O-O-O Nf6 10. Bd3 c5 11. Kb1 Qa5 12. Rhe1 Re8 13. Bg5 Be6 14. a3 Qa4
15. Rxe6 fxe6 16. Qe2 Qg4 17. h3 Qh5 18. Qxe6+ Qf7 19. Qf5 g6 20. Qf4 Nh5 21.
Qg4 Kh8 22. Bb5 Rf8 23. Bh6 Ng7 24. Re1 Bf6 25. h4 a6 26. Ng5 Bxg5 27. Qxg5 Ne6
28. Qd5 Nc7 29. Qg5 Ne6 30. Qg4 axb5 31. Rxe6 Rfe8 32. Rxd6 Rad8 33. Rxd8 Rxd8
34. Qe2 Kg8 35. b3 Qd7 36. Qe5 c4 37. b4 Re8 38. Qf6 Qe7 39. Qd4 Rd8 40. Qf4 Rd5
41. Kb2 Qd6 42. Qg4 Kf7 43. Qc8 Qd7 44. Qh8 Ke6 45. Be3 Qe7 46. Qg8+ Qf7 47. Qb8
Qd7 48. g3 Kf7 49. Qh8 Ke6 50. Bd4 Qe7 51. Qg8+ Qf7 52. Qb8 Qd7 53. g4 Qf7 54.
f4 h5 55. f5+ gxf5 56. gxh5 f4 57. Qc8+ Qd7 58. Qh8 Qf7 59. h6 Rh5 60. Qc8+ Kd5
61. Bg7 f3 62. Qc5+ Ke4 63. Qd4+ Kf5 64. h7 Kg6 65. h8=N+ Rxh8 66. Bxh8 f2 67.
Qe4+ Kh6 68. Qe3+ Kh7 69. Qe4+ Kxh8 70. Qd4+ Kg8 71. Qg4+ Kf8 72. Qc8+ Kg7 73.
Qg4+ Kh6 74. Qg5+ Kh7 75. Qxb5 f1=Q 76. Qe5 Q7f4 77. Qe7+ Kg6 78. Qe8+ Kf5 79.
Qd7+ Kg6 80. Qe8+ Kg7 81. Qe7+ Kh6 82. Qe6+ Kh5 83. Ka2 Qd1 84. Qe8+ Kxh4 85.
Qg6 Qfd2 86. Qh7+ Kg3 87. Qg6+ Kf2 88. Qf6+ Kg1 89. Qg6+ Qg2 90. Qb6+ Kf1 91.
Qf6+ Qf2 0-1

[Event "Warsaw Chess Open - A"]
[Site "Warszawa"]
[Date "1899-12-30"]
[Round "8.3"]
[White "Chatalbashev, Boris"]
[Black "Janik, Igor"]
[Result "1-0"]
[WhiteTitle "GM"]
[BlackTitle "IM"]
[WhiteElo "2535"]
[BlackElo "2500"]

1. d4 Nf6 2. c4 e6 3. Nc3 Bb4 4. g3 d5 5. Bg2 O-O 6. Nf3 dxc4 7. O-O Nc6 8. Qa4
Bd7 9. Bg5 a5 10. Bxf6 gxf6 11. Qc2 Bxc3 12. bxc3 a4 13. Nd2 Na5 14. Rab1 Rb8
15. f4 Qe7 16. f5 exf5 17. e4 Rfe8 18. Bh3 c5 19. d5 b5 20. Bxf5 Rb6 21. e5 Bxf5
22. Rxf5 fxe5 23. Rbf1 Rf8 24. Ne4 Rg6 25. Nf6+ Kg7 26. Qe4 Qd6 27. Nh5+ Kg8 28.
Rf6 Qb8 29. d6 Qe8 30. Qd5 1-0

[Event "Warsaw Chess Open - A"]
[Site "Warszawa"]
[Date "1899-12-30"]
[Round "8.4"]
[White "Pacan-milej, Kosma"]
[Black "Teclaf, Pawel"]
[Result "0-1"]
[WhiteTitle "FM"]
[BlackTitle "IM"]
[WhiteElo "2421"]
[BlackElo "2514"]

1. d4 Nf6 2. c4 e6 3. Nf3 b6 4. g3 Ba6 5. b3 Bb7 6. Bg2 Bb4+ 7. Bd2 a5 8. O-O O-O
9. Nc3 d6 10. Qc2 Nbd7 11. Rfe1 Bxc3 12. Bxc3 Be4 13. Qd2 a4 14. Qf4 Re8 15. g4
Bb7 16. e4 axb3 17. g5 Nh5 18. Qh4 b2 19. Bxb2 g6 20. e5 Ra4 21. exd6 cxd6 22.
Nd2 Bxg2 23. Kxg2 Qa8+ 24. Kg1 d5 25. cxd5 Qxd5 26. Ne4 Rxa2 27. Rxa2 Qxa2 28.
Ba1 Rc8 29. Nd6 Qd2 30. Qe4 Rc1 31. Qa8+ Nf8 32. Rxc1 Qxc1+ 33. Kg2 Nf4+ 34. Kg3
Ne2+ 35. Kh3 Qxg5 36. Qxf8+ Kxf8 0-1

[Event "Warsaw Chess Open - A"]
[Site "Warszawa"]
[Date "1899-12-30"]
[Round "8.5"]
[White "Sonis, Francesco"]
[Black "Mis, Mieszko"]
[Result "1-0"]
[WhiteTitle "IM"]
[BlackTitle "FM"]
[WhiteElo "2501"]
[BlackElo "2361"]

1. d4 Nf6 2. c4 c6 3. Nf3 d5 4. e3 a6 5. Nc3 e6 6. Qc2 c5 7. cxd5 exd5 8. Be2 Nc6
9. dxc5 Bxc5 10. O-O O-O 11. Rd1 Bd6 12. b3 Be6 13. Bb2 Qe7 14. Rac1 Rac8 15.
Qb1 Rfd8 16. Ng5 Be5 17. Na4 d4 18. Nf3 Bg4 19. exd4 Bb8 20. Re1 Qd6 21. g3 Re8
22. Nb6 Rcd8 23. Nc4 Qd5 24. Nce5 Nxe5 25. Nxe5 Bxe2 26. Rxe2 Ba7 27. Rd1 Nd7
28. Rde1 Nf6 29. Rd2 h6 30. Re3 Re6 31. Qc2 Bb8 32. Rde2 Rde8 33. Nc4 Ba7 34.
Rxe6 Rxe6 35. Rxe6 Qxe6 36. Ne3 Qe4 37. Qxe4 Nxe4 38. Kf1 Kf8 39. Ke2 g6 40. f3
Nf6 41. Ba3+ Ke8 42. Kd3 Kd7 43. Nc4 Ke6 44. Bc5 Bb8 45. Na5 b5 46. Nc6 Bc7 47.
Nb4 a5 48. Nc2 h5 49. Na3 h4 50. Nxb5 hxg3 51. Nxc7+ Kd7 52. hxg3 Kxc7 53. a4
Kc6 54. Be7 Kd5 55. Ke4+ 1-0

[Event "Warsaw Chess Open - A"]
[Site "Warszawa"]
[Date "1899-12-30"]
[Round "8.6"]
[White "Nguyen, Piotr"]
[Black "Antolak, Julia"]
[Result "1/2-1/2"]
[WhiteTitle "IM"]
[BlackTitle "WIM"]
[WhiteElo "2411"]
[BlackElo "2309"]

1. c4 e5 2. Nc3 Nf6 3. Nf3 Nc6 4. e4 Bb4 5. d3 d6 6. a3 Bc5 7. b4 Bb6 8. Na4 Bd4
9. Nxd4 Nxd4 10. Be2 a5 11. b5 c6 12. bxc6 bxc6 13. f4 exf4 14. Bxf4 Ne6 15. Bg3
d5 16. e5 Nd7 17. Bf3 O-O 18. O-O Ndc5 19. Nxc5 Nxc5 20. Bf2 Ne6 21. cxd5 cxd5
22. Qb3 Ba6 23. Qxd5 Qxd5 24. Bxd5 Bxd3 25. Bxa8 Bxf1 26. Bc6 Bd3 27. Rd1 Rc8
28. Bd7 Rc3 29. a4 Be4 30. Be1 Rc2 31. Rd2 Rxd2 32. Bxd2 1/2-1/2

[Event "Warsaw Chess Open - A"]
[Site "Warszawa"]
[Date "1899-12-30"]
[Round "8.7"]
[White "Sieciechowicz, Marcin"]
[Black "Kiolbasa, Oliwia"]
[Result "1-0"]
[WhiteTitle "IM"]
[BlackTitle "WIM"]
[WhiteElo "2386"]
[BlackElo "2255"]

1. d4 d5 2. c4 e6 3. Nc3 Nf6 4. cxd5 exd5 5. Bg5 Nbd7 6. e3 c6 7. Bd3 Be7 8. Qc2
Nh5 9. Bxe7 Qxe7 10. Nge2 g6 11. O-O-O Nb6 12. Kb1 Ng7 13. e4 dxe4 14. Bxe4 O-O
15. h4 Bf5 16. f3 Nc4 17. Qc1 a5 18. g4 Bxe4+ 19. Nxe4 Nd6 20. N2g3 Nxe4 21. fxe4
c5 22. Qxc5 Qxc5 23. dxc5 Ne6 24. Rd5 Rac8 25. Rc1 Rc6 26. e5 f6 27. Rf1 Nc7 28.
Rd7 fxe5 29. Rxf8+ Kxf8 30. Ne4 Ne6 31. Rd5 Nd4 32. Rxe5 Nf3 33. Rd5 Nxh4 34.
Rd8+ Ke7 35. Rh8 Ke6 36. Rxh7 Nf3 37. Rxb7 Ke5 38. Rb6 Nd4 39. Nd2 Kf4 40. Nb3
Rxb6 41. cxb6 Nc6 42. b7 Kxg4 43. Nxa5 Nb8 44. Kc2 Kf4 45. Kd3 g5 46. b4 g4 47.
Ke2 Ke5 1-0

[Event "Warsaw Chess Open - A"]
[Site "Warszawa"]
[Date "1899-12-30"]
[Round "8.9"]
[White "Szotkowski, Jakub"]
[Black "Rasti, Arvin"]
[Result "1/2-1/2"]
[WhiteTitle "IM"]
[BlackTitle ""]
[WhiteElo "2366"]
[BlackElo "2248"]

1. d4 Nf6 2. c4 c5 3. d5 b5 4. a4 bxc4 5. Nc3 d6 6. e4 g6 7. Nf3 Bg7 8. Nd2 O-O
9. Nxc4 Na6 10. Be2 Nb4 11. O-O Ba6 12. Ra3 Ng4 13. Nb5 Nf6 14. f3 Nd7 15. g4
f5 16. gxf5 gxf5 17. Kh1 f4 18. Bd2 Bc8 19. Bc3 a6 20. Rg1 Nf6 21. Nd4 Nbxd5 22.
exd5 cxd4 23. Qxd4 Bf5 24. Nd2 Rf7 25. Ne4 Bxe4 26. fxe4 Kf8 27. Rg5 Ne8 28. Qg1
Nf6 29. Bg4 Bh6 30. Bxf6 Rxf6 31. Rf5 Qe8 32. Rxf6+ exf6 33. Bf5 Bg5 34. Qb6 Qe7
35. Rh3 h6 36. Rc3 f3 37. Be6 Qa7 38. Qxd6+ Qe7 39. Qxe7+ Kxe7 40. Rxf3 Rb8 41.
b3 a5 42. Bf5 Rb6 43. Kg2 h5 44. Kf2 Kd6 45. Ke2 Ke5 46. Rd3 Bf4 47. h3 h4 48.
Kd1 Kd6 49. Ke2 Rb7 50. Kf3 Bg3 51. Kg4 Rg7+ 52. Kf3 Be5 53. Bg4 Rc7 54. Bf5 Rg7
55. Rd1 Rg3+ 56. Kf2 Rxb3 57. Rc1 Bc3 58. Ke2 Ke5 59. Rd1 Rb6 60. Kd3 Bd4 61.
Rd2 Rb3+ 62. Ke2 Rb2 1/2-1/2

[Event "Warsaw Chess Open - A"]
[Site "Warszawa"]
[Date "1899-12-30"]
[Round "8.10"]
[White "Malicka, Maria"]
[Black "Rajlich, Iweta"]
[Result "1-0"]
[WhiteTitle "FM"]
[BlackTitle "IM"]
[WhiteElo "2272"]
[BlackElo "2393"]

1. e4 g6 2. d4 Bg7 3. Nc3 a6 4. h4 d6 5. h5 gxh5 6. Rxh5 Nc6 7. Be3 Nf6 8. Rg5
Bh6 9. Rg3 Bxe3 10. Rxe3 Rg8 11. Qd2 e5 12. Nge2 Ng4 13. Rg3 Rg6 14. dxe5 dxe5
15. Qxd8+ Kxd8 16. Rd1+ Bd7 17. Rgd3 Nf6 18. Nd5 Nxe4 19. Nxc7 Kxc7 20. Rxd7+
Kb6 21. c3 Rf6 22. f3 Nc5 23. R7d6 Rxd6 24. Rxd6 Rd8 25. Rxd8 Nxd8 26. Kd2 Nde6
27. b4 Na4 28. Ng3 Kc6 29. Nf5 Nf4 30. c4 Nb6 31. Ke3 Nc8 32. g3 Ng6 33. Bd3 Kc7
34. Nh6 a5 35. bxa5 Nh8 36. Bxh7 Nd6 37. Bd3 Kc6 38. Ng4 f6 39. Nxf6 Nhf7 40.
g4 Kc5 41. Ne4+ Nxe4 42. Bxe4 Kb4 43. Bxb7 1-0

[Event "Warsaw Chess Open - A"]
[Site "Warszawa"]
[Date "1899-12-30"]
[Round "8.11"]
[White "Jakubowski, Krzysztof"]
[Black "Paszewski, Mateusz"]
[Result "1/2-1/2"]
[WhiteTitle "GM"]
[BlackTitle "FM"]
[WhiteElo "2497"]
[BlackElo "2280"]

1. e4 c6 2. d4 d5 3. e5 Bf5 4. Nf3 e6 5. Be2 Ne7 6. O-O Ng6 7. Re1 Nd7 8. Nbd2
Be7 9. Nf1 Nh4 10. N3d2 Bg6 11. Nb3 Qc7 12. Bf4 O-O-O 13. g3 Nf5 14. Nfd2 h6 15.
a4 Bg5 16. Bxg5 hxg5 17. Bd3 Rh6 18. Nf1 Rdh8 19. Qd2 Qd8 20. Qb4 Qf8 21. Qxf8+
Rxf8 22. a5 a6 23. Ra4 Rfh8 24. Rb4 Ne7 25. Bxg6 Nxg6 26. Re3 Kc7 27. Nc5 Nxc5
28. dxc5 Ne7 29. Reb3 Rb8 30. Nd2 f6 31. Nf3 Nf5 32. Kg2 Rhh8 33. h3 Rh7 34. Rb6
Rhh8 35. R3b4 Rh7 36. c3 Rhh8 37. Kh2 Rhe8 38. Kg2 Rh8 39. Rb3 Rh6 40. R6b4 Rhh8
41. Rg4 Rh7 42. Rgb4 Rhh8 1/2-1/2

[Event "Warsaw Chess Open - A"]
[Site "Warszawa"]
[Date "1899-12-30"]
[Round "8.12"]
[White "Szustakowski, Antoni"]
[Black "Fus, Jakub"]
[Result "1-0"]
[WhiteTitle "FM"]
[BlackTitle "FM"]
[WhiteElo "2260"]
[BlackElo "2403"]

1. Nf3 d5 2. c4 e6 3. g3 Nf6 4. Bg2 dxc4 5. Qa4+ Nbd7 6. Qxc4 a6 7. Qc2 c5 8. O-O
Qc7 9. d4 b6 10. Bf4 Bd6 11. Bxd6 Qxd6 12. Rd1 Bb7 13. Nc3 Rc8 14. e4 cxd4 15.
Nxd4 Qb8 16. Qe2 Rc5 17. Nb3 Rc7 18. e5 Bxg2 19. Kxg2 Qa8+ 20. Kg1 Nd5 21. Nxd5
exd5 22. f4 Nc5 23. Qd2 Nxb3 24. axb3 Rc5 25. f5 O-O 26. f6 gxf6 27. Ra4 d4 28.
Rxd4 Qf3 29. Rf1 Qh5 30. exf6 Qg5 31. Rff4 Kh8 32. Rd8 Rc8 33. Rd5 Rc1+ 34. Kf2
Rc2 35. Qxc2 Qxd5 36. Rh4 Qc5+ 37. Qxc5 bxc5 38. Rc4 Rb8 39. Rxc5 h6 40. Rc3 Rb6
41. Rf3 Re6 42. h4 Kh7 43. g4 Kg6 44. Rf4 Rb6 45. b4 Re6 46. Kf3 Re5 47. b3 Re1
48. b5 axb5 49. Rf5 Rf1+ 50. Ke4 Rxf5 51. gxf5+ Kh5 52. Ke5 Kxh4 53. Kd6 Kg4 54.
Ke7 h5 55. Kxf7 h4 56. Ke6 h3 57. f7 h2 58. f8=Q h1=Q 59. Qb4+ Kg5 60. Qxb5 Qe4+
61. Kd6 Qa8 62. Qd5 Qd8+ 63. Kc5 Qa5+ 64. Kc4 Qa6+ 65. Kc3 Qa1+ 66. Kb4 Qe1+ 67.
Kc4 Qf1+ 68. Kc5 Qf2+ 69. Kc6 Qc2+ 70. Kb6 Qf2+ 71. Qc5 Qd2 72. b4 Qd8+ 73. Kb7
Qd7+ 74. Ka6 Qa4+ 75. Kb6 Qa8 76. b5 Qb8+ 77. Kc6 Qc8+ 78. Kd5 Qb7+ 79. Kd4 Qd7+
80. Kc4 Qf7+ 81. Kb4 Qa2 82. b6 Qb2+ 83. Kc4 Qe2+ 84. Kd5 Kxf5 85. Kc6+ Kg4 86.
b7 Qe6+ 87. Kc7 Qf7+ 88. Kb6 Qb3+ 89. Kc6 Qe6+ 90. Kb5 Qe8+ 91. Kb4 Qe1+ 92. Ka4
Qe8+ 93. Ka5 Qd8+ 94. Ka6 Qd3+ 95. Ka7 Qh7 96. Qd4+ Kg3 97. Qd6+ Kg4 98. Ka6 1-0

[Event "Warsaw Chess Open - A"]
[Site "Warszawa"]
[Date "1899-12-30"]
[Round "8.13"]
[White "Rudolf, Michal"]
[Black "Chyzy, Jakub"]
[Result "1-0"]
[WhiteTitle "FM"]
[BlackTitle "FM"]
[WhiteElo "2359"]
[BlackElo "2257"]

1. e4 e5 2. Nf3 Nc6 3. Bc4 Nf6 4. d3 Be7 5. O-O O-O 6. c3 d6 7. Bb3 Na5 8. Bc2
c5 9. Re1 Nc6 10. Nbd2 Re8 11. Nf1 Bf8 12. h3 g6 13. Ne3 Bg7 14. Nh2 d5 15. Nhg4
Nxg4 16. hxg4 d4 17. Nd5 Be6 18. Bb3 Na5 19. Ba4 Rf8 20. Qf3 f5 21. gxf5 gxf5
22. c4 Rb8 23. Qh3 Bxd5 24. exd5 a6 25. Bh6 Qf6 26. Bd2 b5 27. Bc2 Nb7 28. f4
e4 29. dxe4 bxc4 30. e5 Qg6 31. Ba4 Rfd8 32. d6 Nxd6 33. exd6 Rxd6 34. Qa3 d3
35. Bc3 d2 36. Red1 Bd4+ 37. Bxd4 Rxd4 38. Qxc5 Qb6 39. Qxb6 Rxb6 40. Rab1 c3
41. bxc3 Rxb1 42. cxd4 1-0

[Event "Warsaw Chess Open - A"]
[Site "Warszawa"]
[Date "1899-12-30"]
[Round "8.14"]
[White "Wojdak, Jan"]
[Black "Fargac, Martin"]
[Result "0-1"]
[WhiteTitle "I++"]
[BlackTitle "FM"]
[WhiteElo "2014"]
[BlackElo "2320"]

1. e4 e5 2. Nf3 Nc6 3. Bb5 a6 4. Ba4 Nf6 5. O-O Bc5 6. c3 O-O 7. d4 Ba7 8. dxe5
Nxe4 9. Qd5 Nc5 10. Bc2 Ne7 11. Qc4 d5 12. exd6 cxd6 13. Bg5 Qd7 14. Bxh7+ Kxh7
15. Qh4+ Kg8 16. Bxe7 Re8 17. Ng5 Qf5 18. Bxd6 Re2 19. Bxc5 Bxc5 20. Nf3 Bd7 21.
b4 Ba7 22. Nd4 Bxd4 23. Qxd4 Bc6 24. h3 Rae8 25. Na3 R8e6 26. Qd8+ Re8 27. Qd4
R2e6 28. Kh2 Rg6 29. Rg1 Re4 30. Qd8+ Kh7 31. Raf1 Reg4 32. f3 Qf4+ 33. Kh1 Bxf3
34. Qd3 Rxg2 0-1

[Event "Warsaw Chess Open - A"]
[Site "Warszawa"]
[Date "1899-12-30"]
[Round "8.15"]
[White "Lee, Hyo"]
[Black "Sliwicka, Alicja"]
[Result "0-1"]
[WhiteTitle ""]
[BlackTitle "WIM"]
[WhiteElo "1712"]
[BlackElo "2308"]

1. e4 c5 2. Nf3 d6 3. d4 cxd4 4. Nxd4 Nf6 5. Nc3 Nc6 6. Bg5 g6 7. Bxf6 exf6 8.
Bb5 Bd7 9. Nde2 Be6 10. O-O Bg7 11. Qd2 O-O 12. Rad1 f5 13. exf5 Bxf5 14. Ng3
Bg4 15. f3 Be6 16. Kh1 Qb6 17. Bxc6 bxc6 18. b3 d5 19. f4 f5 20. Rfe1 Rfe8 21.
Na4 Qb5 22. Qf2 d4 23. Re2 Bf7 24. Rde1 a5 25. Rxe8+ Rxe8 26. Rxe8+ Bxe8 27. Qe2
Qb8 28. Nc5 Bf7 29. Nd3 a4 30. Nf1 Qd6 31. Ne5 Bd5 32. h3 axb3 33. axb3 g5 34.
Nd3 h6 35. Ng3 Qg6 36. Qh5 Kf7 37. Kg1 Qxh5 38. Nxh5 Bf8 39. Kf2 Bd6 40. Ng3 Kf6
41. Ne2 c5 42. g3 Be4 43. Kg1 g4 44. hxg4 fxg4 45. Kf2 Ke6 46. Ke1 Kd5 47. Kd2
Bh7 48. Ke1 h5 49. Ng1 c4 50. bxc4+ Kxc4 51. Kd2 Bc7 52. Nb2+ Kd5 53. Nd3 Ba5+
54. Kd1 Ke4 55. Ke2 Bg8 56. Nf2+ Kd5 57. Kd1 Bf7 58. Ne2 Be8 59. Nc1 Bg6 60. Ncd3
Bc7 61. Kd2 Bf5 62. Nh1 Ba5+ 63. Kd1 Be4 64. Nhf2 Bf3+ 65. Kc1 Ke6 66. Kb2 Bd2
67. Kb3 Bd5+ 68. Ka4 Kf5 69. Kb5 Be3 70. Kc5 Bf3 71. Kc4 h4 72. gxh4 g3 73. Nh3
Bg4 74. Kxd4 Ke5+ 0-1

[Event "Warsaw Chess Open - A"]
[Site "Warszawa"]
[Date "1899-12-30"]
[Round "8.16"]
[White "Chylewski, Patryk"]
[Black "Karolczuk, Iwo"]
[Result "1-0"]
[WhiteTitle "FM"]
[BlackTitle "k"]
[WhiteElo "2290"]
[BlackElo "2129"]

1. d4 Nf6 2. c4 g6 3. Nc3 Bg7 4. e4 O-O 5. f3 d6 6. Nge2 c5 7. d5 e6 8. Ng3 exd5
9. cxd5 Na6 10. Be2 Nc7 11. O-O Rb8 12. a4 a6 13. a5 b5 14. axb6 Rxb6 15. Qc2
Nb5 16. Nxb5 axb5 17. Be3 Re8 18. Bf2 Rb8 19. Ra7 h5 20. Rfa1 Nd7 21. Nf1 c4 22.
Ra8 Rxa8 23. Rxa8 Nc5 24. Nd2 Qf6 25. Ra2 Bb7 26. b4 Na6 27. Ra5 Nxb4 28. Qb1
Qc3 29. Nf1 Nd3 30. Qxb5 Rf8 31. Bxd3 cxd3 32. Ra2 Bh6 33. Qxb7 d2 34. Nxd2 Bxd2
35. Qb2 Qxb2 36. Rxb2 Bc3 37. Rc2 Be5 38. g3 f5 39. f4 Bg7 40. Rc6 Rd8 41. exf5
gxf5 42. Bb6 Rd7 43. Kg2 Kf7 44. Bc7 Ke7 45. Kh3 Bf6 46. Bb8 Rd8 47. Rb6 Bd4 48.
Rb7+ Kf6 49. Ba7 Bxa7 50. Rxa7 h4 51. g4 fxg4+ 52. Kxg4 Rg8+ 53. Kf3 Rg1 54. Rd7
Kf5 55. Rf7+ Kg6 56. Rf8 Rd1 57. Ke4 Re1+ 58. Kf3 Rd1 59. Kg4 Rxd5 60. Kxh4 Rd1
61. Kg4 Rg1+ 62. Kf3 Rh1 63. Rg8+ Kf5 64. Rg5+ Kf6 65. Kg2 Rc1 66. h4 Rc3 67.
Rd5 Ke6 68. Rh5 d5 69. Re5+ Kd6 70. h5 d4 71. h6 Rc2+ 72. Kg3 Rc1 73. Rh5 Rc8
74. h7 Rh8 75. Kf3 Ke6 76. Ke4 Kf6 77. Kxd4 Kg6 78. Rh1 Kf5 79. Ke3 Kg6 80. Kf3
Kf5 81. Rh6 Ke4+ 82. Kxe4 1-0

[Event "Warsaw Chess Open - A"]
[Site "Warszawa"]
[Date "1899-12-30"]
[Round "8.17"]
[White "Krasiewicz, Robert"]
[Black "Karpus, Michal"]
[Result "1/2-1/2"]
[WhiteTitle "k+"]
[BlackTitle "FM"]
[WhiteElo "2049"]
[BlackElo "2271"]

1. c4 g6 2. g3 Bg7 3. Bg2 e5 4. Nc3 d6 5. e4 Nf6 6. Nge2 O-O 7. O-O c6 8. d3 a6
9. a4 a5 10. h3 Na6 11. Be3 Re8 12. f4 Nb4 13. d4 exd4 14. Bxd4 Nh5 15. Rc1 f5
16. exf5 gxf5 17. Kh2 Be6 18. b3 Nf6 19. Qd2 Qc7 20. Rfe1 Rad8 21. Ng1 Re7 22.
Nf3 Rde8 23. Re2 1/2-1/2

[Event "Warsaw Chess Open - A"]
[Site "Warszawa"]
[Date "1899-12-30"]
[Round "8.18"]
[White "Piotrowski, Pawel"]
[Black "Kubicka, Anna"]
[Result "1/2-1/2"]
[WhiteTitle "I++"]
[BlackTitle "WIM"]
[WhiteElo "2027"]
[BlackElo "2210"]

1. d4 Nf6 2. c4 c5 3. Nf3 cxd4 4. Nxd4 e5 5. Nf3 Nc6 6. Nc3 Bb4 7. Bd2 O-O 8. e3
e4 9. Ng5 Re8 10. Qc2 Qa5 11. h4 h6 12. Nh3 d5 13. cxd5 Nxd5 14. Nxd5 Qxd5 15.
Nf4 Qa5 16. Be2 Be6 17. Nxe6 Rxe6 18. a3 Rd8 19. O-O-O Bxd2+ 20. Rxd2 Nd4 21.
Rxd4 Rxd4 22. exd4 Rc6 23. Bc4 Qc7 24. Qxe4 b5 25. Kb1 bxc4 26. Rc1 c3 27. Rc2
Rb6 28. g3 Qc4 29. Qe8+ Kh7 30. Qe1 Rxb2+ 31. Rxb2 cxb2 32. Qd2 g6 33. Kxb2 Qb5+
34. Kc1 1/2-1/2

[Event "Warsaw Chess Open - A"]
[Site "Warszawa"]
[Date "1899-12-30"]
[Round "8.19"]
[White "Dalkowski, Rafal"]
[Black "Goslawski, Michal"]
[Result "1-0"]
[WhiteTitle "I++"]
[BlackTitle "k+"]
[WhiteElo "1980"]
[BlackElo "2174"]

1. d4 d5 2. c4 e6 3. Nc3 c6 4. Nf3 dxc4 5. a4 Bb4 6. e4 b5 7. Bg5 Nf6 8. e5 h6
9. Bd2 Nd5 10. Ne4 Bxd2+ 11. Nfxd2 O-O 12. Be2 Nf4 13. Nd6 Qb6 14. N2e4 Nxe2 15.
Kxe2 Nd7 16. a5 Qc7 17. Nc5 Nxc5 18. dxc5 Ba6 19. Qd4 b4 20. Ke3 f6 21. f4 Kh8
22. g4 Qe7 23. h4 fxe5 24. Qxe5 Qf6 25. Qxf6 Rxf6 26. g5 Rff8 27. g6 Rf6 28. h5
Kg8 29. Rad1 Rb8 30. Nf7 Rf5 31. Ne5 Bb5 32. Rd4 Rbf8 33. Rh2 c3 34. Rxb4 cxb2
35. Rhxb2 Rxh5 36. Rd4 Rh3+ 37. Kd2 a6 38. Rbb4 Ra3 39. Rd7 Ra4 40. Rxa4 Bxa4
41. Ke3 Rc8 42. Ra7 Bb5 43. Re7 Kf8 44. Rxe6 Rc7 45. Ke4 Ba4 46. Kd3 Bb5+ 47.
Ke3 Ba4 48. Rd6 Ke8 49. f5 Ke7 50. Kf4 Bb5 51. Nf3 Bc4 52. Nd4 Bd5 53. f6+ gxf6
54. Nf5+ Ke8 55. Nxh6 Kf8 56. Nf5 Ke8 57. Rxf6 Rb7 58. Ke5 Kd7 59. Rd6+ Ke8 60.
Kf6 Rb8 61. g7 1-0

[Event "Warsaw Chess Open - A"]
[Site "Warszawa"]
[Date "1899-12-30"]
[Round "9.2"]
[White "Pultinevicius, Paulius"]
[Black "Sieciechowicz, Marcin"]
[Result "1-0"]
[WhiteTitle "GM"]
[BlackTitle "IM"]
[WhiteElo "2492"]
[BlackElo "2386"]

1. d4 d5 2. c4 c6 3. Nf3 Nf6 4. Qc2 dxc4 5. Qxc4 Bf5 6. g3 e6 7. Nc3 Be7 8. Bg2
Ne4 9. O-O O-O 10. Ne5 Nxc3 11. Qxc3 h6 12. e4 Bh7 13. Be3 Nd7 14. Nd3 Rc8 15.
b4 Qc7 16. a4 Rfd8 17. Rfc1 Qb8 18. Qb3 Nf6 19. f3 Ne8 20. Ne5 Bf6 21. Qc3 Qc7
22. Bf2 Be7 23. Qb3 Qb8 24. f4 Qd6 25. Rab1 Nf6 26. Re1 Nd7 27. Nd3 Nb6 28. Rbd1
Qc7 29. g4 Bf6 30. a5 Na8 31. Ne5 Qe7 32. Nf3 Qf8 33. f5 Nc7 34. Bf1 Kh8 35. Bc4
Re8 36. Kg2 g6 37. g5 Be7 38. fxe6 Nxe6 39. Bxe6 fxe6 40. Bg3 Bxg5 41. Nxg5 hxg5
42. Be5+ Kg8 43. Rf1 Qe7 44. Rf6 Qd7 45. Rdf1 g4 46. Kg3 Re7 47. R1f4 Rce8 48.
Qa2 g5 49. Rxg4 Rg7 50. Qf2 Qe7 51. Qd2 Rg6 52. Rxg5 1-0

[Event "Warsaw Chess Open - A"]
[Site "Warszawa"]
[Date "1899-12-30"]
[Round "9.3"]
[White "Sonis, Francesco"]
[Black "Chatalbashev, Boris"]
[Result "1-0"]
[WhiteTitle "IM"]
[BlackTitle "GM"]
[WhiteElo "2501"]
[BlackElo "2535"]

1. Nf3 Nf6 2. c4 c5 3. d4 cxd4 4. Nxd4 e6 5. g3 d5 6. Bg2 e5 7. Nf3 d4 8. O-O Nc6
9. e3 Be7 10. exd4 exd4 11. Bf4 O-O 12. Ne5 Bd7 13. Nd2 Nxe5 14. Bxe5 Bc6 15.
Nb3 Bxg2 16. Kxg2 d3 17. Bd4 Qc7 18. Qxd3 Rfd8 19. Rac1 a5 20. Rfd1 Ra6 21. Qf3
a4 22. Nc5 Bxc5 23. Bxc5 Rxd1 24. Rxd1 h6 25. Be3 Qxc4 26. Qxb7 Rc6 27. Rd4 Qe6
28. Qa8+ Kh7 29. Qxa4 Nd5 30. Bd2 Nb6 31. Qb3 Nc4 32. Qd3+ f5 33. Bc3 Ne5 34.
Qb5 Ng4 35. Rf4 Kg6 36. Qd3 h5 37. h3 Rd6 38. Qc4 Nf6 39. Qxe6 Rxe6 40. Bxf6 Kxf6
41. a4 Rb6 42. b4 Ke5 43. b5 g5 44. Rb4 Kd5 1-0